|
|
|
|
| LEADER |
01819nam a2200409 a 4500 |
| 001 |
EBC1221535 |
| 003 |
MiAaPQ |
| 005 |
20200520144314.0 |
| 006 |
m o d | |
| 007 |
cr cn||||||||| |
| 008 |
130124s2013 nyuad sb 001 0 eng d |
| 010 |
|
|
|z 2012049792
|
| 020 |
|
|
|z 9780415684088 (hardback)
|
| 020 |
|
|
|a 9780203771297 (electronic bk.)
|
| 035 |
|
|
|a (MiAaPQ)EBC1221535
|
| 035 |
|
|
|a (Au-PeEL)EBL1221535
|
| 035 |
|
|
|a (CaPaEBR)ebr10723441
|
| 035 |
|
|
|a (CaONFJC)MIL499846
|
| 035 |
|
|
|a (OCoLC)852757428
|
| 040 |
|
|
|a MiAaPQ
|c MiAaPQ
|d MiAaPQ
|
| 050 |
|
4 |
|a HB501
|b .S777 2013
|
| 082 |
0 |
4 |
|a 330.12/2
|2 23
|
| 100 |
1 |
|
|a Sotiropoulos, Dimitris,
|d 1975-
|
| 245 |
1 |
2 |
|a A political economy of contemporary capitalism and its crisis
|h [electronic resource] :
|b demystifying finance /
|c Dimitris P. Sotiropoulos, John Milios, and Spyros Lapatsioras.
|
| 260 |
|
|
|a New York :
|b Routledge,
|c 2013.
|
| 300 |
|
|
|a xx, 266 p. :
|b ill.
|
| 504 |
|
|
|a Includes bibliographical references and index.
|
| 505 |
0 |
|
|a pt. 1. The long tradition of finance as a counter-productive activity in heterodox thinking : a Marxian appraisal -- pt. 2. Financial innovation, money, and capitalist exploitation : a short detour in the history of economic ideas -- pt. 3. Rethinking finance : a Marxian analytical framework -- pt. 4. The crisis of the Euro area.
|
| 533 |
|
|
|a Electronic reproduction. Ann Arbor, MI : ProQuest, 2015. Available via World Wide Web. Access may be limited to ProQuest affiliated libraries.
|
| 650 |
|
0 |
|a Capitalism.
|
| 650 |
|
0 |
|a Financial crises.
|
| 650 |
|
0 |
|a Finance.
|
| 655 |
|
4 |
|a Electronic books.
|
| 700 |
1 |
|
|a Milios, John.
|
| 700 |
1 |
|
|a Lapatsioras, Spyros.
|
| 710 |
2 |
|
|a ProQuest (Firm)
|
| 856 |
4 |
0 |
|u https://ebookcentral.proquest.com/lib/matrademy/detail.action?docID=1221535
|z Click to View
|